000 00408nam a2200181Ia 4500
001 4654
005 20260306145811.0
008 260306t2017||||xx |||||||||||||| ||spa||
041 _aESP
082 _a330
_bB94
100 _aBurneo, Kurt
_eAUT
245 0 _aPrincipios de economía
260 _c2017
300 _a483 páginas :
_c27 cm.
650 _aGEN
654 _aCAN
942 _cLIB
_dJUS
_fJUS
_2ddc
_n
999 _c4654
_d4654